LEADER 02485 am 2200565 n 450 001 9910350191103321 005 20190124 010 $a2-7297-1023-X 024 7 $a10.4000/books.pul.16134 035 $a(CKB)4100000009845486 035 $a(FrMaCLE)OB-pul-16134 035 $a(oapen)https://directory.doabooks.org/handle/20.500.12854/53089 035 $a(PPN)241654122 035 $a(EXLCZ)994100000009845486 100 $a20210809j|||||||| ||| 0 101 0 $afre 135 $auu||||||m|||| 181 $ctxt$2rdacontent 182 $cc$2rdamedia 183 $acr$2rdacarrier 200 10$aMémoire de la Terreur $eVieux montagnards et jeunes républicains au xixe siècle /$fSergio Luzzato 210 $aLyon $cPresses universitaires de Lyon$d2019 215 $a1 online resource (224 p.) 311 $a2-7297-0399-3 330 $aComment les Montagnards ont-ils survécu à la Terreur, dans l'exil que la Restauration imposa aux « régicides » ? Ces hommes « tombés dans le néant de l'adversité » gardent un sentiment aigu du caractère exceptionnel de la période historique dont ils ont été les protagonistes. La plupart s'enferment dans un silence obstiné ; d'autres ont recours à l'écriture pour revivre l'extraordinaire expérience des années révolutionnaires, en démêler les significations et faire appel à la postérité des jugements dont la Restauration les accable. Leur voix finit par trouver un écho parmi les jeunes gens du siècle nouveau qui les accueillent à leur retour d'exil, après la révolution de Juillet. Les Mémoires des régicides constituent ainsi un maillon essentiel dans la transmission d'une tradition politique et d'une légende révolutionnaire issues de 93. 606 $aHistory 606 $amontagnard 606 $arégicide 606 $aRévolution française 606 $aRestauration 606 $atémoignage 610 $aRévolution française 610 $arégime de la Terreur 610 $amontagnard 610 $aRestauration 610 $atémoignage 610 $arégicide 615 4$aHistory 615 4$amontagnard 615 4$arégicide 615 4$aRévolution française 615 4$aRestauration 615 4$atémoignage 700 $aLuzzato$b Sergio$0268273 701 $aVovelle$b Michel$0139780 801 0$bFR-FrMaCLE 906 $aBOOK 912 $a9910350191103321 996 $aMémoire de la Terreur$93024949 997 $aUNINA LEADER 01814oas 2200757 a 450 001 9910147222303321 005 20251106213014.0 011 $a1432-0819 035 $a(DE-599)ZDB1458483-9 035 $a(DE-599)1458483-9 035 $a(OCoLC)39972581 035 $a(CONSER) 2001229156 035 $a(CKB)954925497049 035 $a(EXLCZ)99954925497049 100 $a19981001a19869999 sy a 101 0 $aeng 135 $aurmnu|||||||| 181 $ctxt$2rdacontent 182 $cc$2rdamedia 183 $acr$2rdacarrier 200 10$aBulletin of volcanology 210 $aBerlin $cSpringer International$d1986- 300 $aRefereed/Peer-reviewed 311 08$a0258-8900 531 0 $aBull. volcanol. 606 $aVolcanoes$vPeriodicals 606 $aVolcans$vPe?riodiques 606 $aVolcanoes$2fast$3(OCoLC)fst01168844 606 $aVolcans$2thub 608 $aPeriodicals.$2fast 608 $aRevistes electròniques.$2thub 615 0$aVolcanoes 615 6$aVolcans 615 7$aVolcanoes. 615 7$aVolcans. 676 $a551.21 712 02$aInternational Association of Volcanology and Chemistry of the Earth's Interior. 801 0$bPIT 801 1$bPIT 801 2$bOCL 801 2$bFTU 801 2$bFUG 801 2$bOCLCQ 801 2$bOCL 801 2$bCIT 801 2$bOCLCQ 801 2$bUKMGB 801 2$bOCLCQ 801 2$bBUF 801 2$bOCLCF 801 2$bOCLCQ 801 2$bDLC 801 2$bOCLCA 801 2$bVYL 801 2$bNJT 801 2$bVT2 801 2$bSFB 801 2$bOCLCQ 801 2$bUAB 801 2$bOCLCL 801 2$bSRU 801 2$bOCLCQ 906 $aJOURNAL 912 $a9910147222303321 996 $aBulletin of volcanology$9798225 997 $aUNINA